00548nam a2200145 a 450000100100000000500170001000800410002704000250006810000370009324500900013026000490022030000270026971000500029671000560034600002961220251120073733.0110419s2000 dr a 000 0 spa d aDO-SdBNPbspacBNPHU1 aGarcía Romero, Gladys Graciela10aAprendo a convivir :borientaciones pedagógicas /cGladys Graciela García Romero. aSanto Domingo :bPUCAMM,c2000.fEditroa G&G a22 p. :bil. ;c28 cm.2 aCentro de Educación Cívica de Los Angeles2 aPontificia Universidad Católica Madre y Maestra